Behavioral approaches to conservation in the wild (Record no. 84605)

MARC details
000 -LEADER
fixed length control field 01267nam a2200253 a 4500
008 - FIXED-LENGTH DATA ELEMENTS--GENERAL INFORMATION
fixed length control field 120416s1997 ||||||||||||||||| || u
020 ## - INTERNATIONAL STANDARD BOOK NUMBER
International Standard Book Number 0521589606
050 ## - LIBRARY OF CONGRESS CALL NUMBER
Classification number QH 76 Beh
100 ## - MAIN ENTRY--PERSONAL NAME
Personal name Clemmons, Janine Rhea, 1957-
245 10 - TITLE STATEMENT
Title Behavioral approaches to conservation in the wild
Statement of responsibility, etc. edited by Janine R. Clemmons
260 ## - PUBLICATION, DISTRIBUTION, ETC.
Place of publication, distribution, etc. Cambridge
Name of publisher, distributor, etc. Cambridge University Press
Date of publication, distribution, etc. 1997
300 ## - PHYSICAL DESCRIPTION
Extent xviii, 382 p. : ill.
350 ## -
-- 0.00
500 ## - GENERAL NOTE
General note Based on papers from a symposium held at the Animal Behavior Society Annual Meetings in Lincoln, Neb., 1995. -Includes bibliographical references and index.
650 ## - SUBJECT ADDED ENTRY--TOPICAL TERM
Topical term or geographic name entry element TEXTBOOKS
650 ## - SUBJECT ADDED ENTRY--TOPICAL TERM
Topical term or geographic name entry element WILDLIFE CONSERVATION--CONGRESSES
650 ## - SUBJECT ADDED ENTRY--TOPICAL TERM
Topical term or geographic name entry element ANIMALS
700 ## - ADDED ENTRY--PERSONAL NAME
Personal name Buchholz, Richard, 1964-
710 ## - ADDED ENTRY--CORPORATE NAME
Corporate name or jurisdiction name as entry element Animal Behavior Society. Meeting (1995 : Lincoln, Neb.)
856 ## - ELECTRONIC LOCATION AND ACCESS
Uniform Resource Identifier http://www.loc.gov/catdir/toc/cam025/96031559.html
856 ## - ELECTRONIC LOCATION AND ACCESS
Uniform Resource Identifier http://www.loc.gov/catdir/description/cam028/96031559.html
995 ## -
-- MAIN LIBRARY OPEN ACCESS
-- 0.00
-- 730161
-- CBU-MAIN LIBRARY (Kitwe)
-- 2
-- 0.00
-- QH 76 Beh
-- 2
-- AVAILABLE
-- 027276
-- Main Library Open Access Collection
995 ## -
-- MAIN LIBRARY OPEN ACCESS
-- 0.00
-- 734626
-- CBU-MAIN LIBRARY (Kitwe)
-- 1
-- 0.00
-- QH 76 Beh
-- 1
-- AVAILABLE
-- 48111
-- Main Library Open Access Collection
999 ## -
-- 84605
-- 84605

No items available.